Statistiques concernant Films avec Kristen Stewart en image

Cliquez ici pour prendre le quiz!

Statistiques générales

  • Ce quiz a été pris 45 fois
  • Le résultat moyen est 3 sur 8

Statistiques - réponses

Réponse% Correct
Twilight
98%
Blanche-Neige et le Chasseur
85%
Still Alice
32%
Sils Maria
27%
Sur la Route
22%
Les Runaways
15%
The Guard
15%
Welcome to the Rileys
5%

Distribution des résultats

Percentile par nombre de réponses

% des personnes avec chaque résultat

Votre développement - résultats

Vous n’avez pas pris ce quiz